02074nam a2200469 i 450000100060000000300080000600500170001400600190003100700150005000800410006502000270010603500230013303500240015603500250018003500220020504000310022705000220025808000100028008200160029010000290030624502780033526400490061330000570066233600310071933700330075033800430078350201280082650400290095458801250098359001590110865000270126765000330129465000210132765000130134865000260136165500270138770000440141470000480145879700190150685600620152599900170158722944FlNmELB20241216214040.0m o d | cr cnu||||||||160103s2015 cu a ob 000 0 spa d a9789591628121 (e book) a(MiAaPQ)EBC4183723 a(Au-PeEL)EBL4183723 a(CaPaEBR)ebr11126013 a(OCoLC)1105915987 aFINmELBbspaerdacFINmELB 4aLB1707bR373 2015 a37.020 a370.7112231 aReinoso Porra, Evaristo.13aLa formación inicial de los maestros de educación primaria para la prevención de las alteraciones en el comportamiento de los escolares /cautor: Evaristo Reinoso Porra ; tutores: Prof. Aux. Antonio Hernández Alegría, Prof. Tit. David Lorenzo Santamaría Cuesta. 1aLa Habana :bEditorial Universitaria,c2015. a1 recurso en línea (viii, 178 páginas) :btablas atextobtxt2rdacontent/spa acomputadorabc2rdamedia/spa arecurso en líneabcr2rdacarrier/spa aTesisbDoctor en Ciencias PedagógicascUniversidad de Ciencias Pedagógicas "Capitán Silverio Blanco Núñez"d2013. aContiene bibliografía. aDescripción basada en recurso en línea; Título de la página del título en PDF (e-libro, visto Januar 3, 2015). aRecurso electronico. Santa Fe, Arg. : e-libro, 2016. Disponible via World Wide Web. El acceso puede ser limitado para las bibliotecas afiliadas a e-libro. 0aTeachersxTraining of. 0aSchool violencexPrevention. 0aMoral education. 4aDocente. 4aEnseñanza superior. 4aLibros electrónicos.1 aHernández Alegría, Antonio,etutor.1 aSantamaría Cuesta, David Lorenzo,etutor.2 ae-libro, Corp.40uhttps://elibro.net/ereader/politecnicointernacional/90746 c22944d22944